Václav Dlouhý : výběr z tvorby 1950-1988 : Středočeská galerie v Praze, 27. říjen - 4. prosinec 1988 /

Hlavní autor: Dlouhý, Václav, 1923-1989
Další autoři: Vlk, Miloslav, 1948-, Kohl, Miroslav, Hampl, Jiří, 1929-2009, Hartvich, Jindřich
Jazyk: Čeština
Vydáno: Praha : Středočeská galerie, 1988
Témata:
Fyzický popis: 31 nečíslovaných stran : ilustrace ; 21 cm
Knihy
Uloženo v:
LEADER 01383nam a22003492i 4500
001 001531697
003 CZ BrMZK
005 20161020103904.0
007 ta
008 160617s1988 xr a er|||||||||||cze d
015 |z cnb000045942 
035 |a (OCoLC)39436723 
040 |a ABA001  |b cze  |d ABA001  |d BOA001  |e rda 
080 9 |a 75.071.1 Dlouhý, V."1950/1988"(064) 
080 9 |a 741(437.1)"19":92Dlouhý(064) 
100 1 |a Dlouhý, Václav,  |d 1923-1989  |7 jk01022393  |4 art 
245 1 0 |a Václav Dlouhý :  |b výběr z tvorby 1950-1988 : Středočeská galerie v Praze, 27. říjen - 4. prosinec 1988 /  |c autor textu Miloslav Vlk ; fotografie Miroslav Kohl, Jiří Hampl, Jindřich Hartvich 
264 1 |a Praha :  |b Středočeská galerie,  |c 1988 
300 |a 31 nečíslovaných stran :  |b ilustrace ;  |c 21 cm 
336 |a text  |b txt  |2 rdacontent 
337 |a bez média  |b n  |2 rdamedia 
338 |a svazek  |b nc  |2 rdacarrier 
600 1 7 |a Dlouhý, Václav,  |d 1923-1989  |7 jk01022393  |2 czenas 
655 7 |a katalogy výstav  |7 fd132536  |2 czenas 
700 1 |a Vlk, Miloslav,  |d 1948-  |7 jx20040413046  |4 wfw 
700 1 |a Kohl, Miroslav  |4 pht 
700 1 |a Hampl, Jiří,  |d 1929-2009  |7 xx0001418  |4 pht 
700 1 |a Hartvich, Jindřich  |4 pht 
910 |a BOA001  |b X-0939.780 
990 |a BK 
991 |b 201605 
996 6 |b 2619164227  |c X-0939.780  |l MZK  |r Sklad / do 24 hodin  |n 0  |w 001566587  |u 000010  |a 1  |e BOA001  |j MZK50  |s P